An introduction to differentiable manifolds and riemannian geometry, revised. (Record no. 29035)

000 -LEADER
fixed length control field 00741 a2200193 4500
020 ## - INTERNATIONAL STANDARD BOOK NUMBER
International Standard Book Number 0121160513
020 ## - INTERNATIONAL STANDARD BOOK NUMBER
International Standard Book Number 9780121160517
082 04 - DEWEY DECIMAL CLASSIFICATION NUMBER
Classification number 516.36
090 ## - LOCALLY ASSIGNED LC-TYPE CALL NUMBER (OCLC); LOCAL CALL NUMBER (RLIN)
-- 403
-- 403
100 1# - MAIN ENTRY--PERSONAL NAME
Personal name Boothby, William M.
245 13 - TITLE STATEMENT
Title An introduction to differentiable manifolds and riemannian geometry, revised.
Number of part/section of a work Volume 120, second edition /
Statement of responsibility, etc. William M. Boothby, William M. Boothby.
260 ## - PUBLICATION, DISTRIBUTION, ETC.
Place of publication, distribution, etc. [S.l.] :
Name of publisher, distributor, etc. Academic Press,
Date of publication, distribution, etc. 1975.
300 ## - PHYSICAL DESCRIPTION
Extent 400 p. ;
Dimensions 23 cm.
490 1# - SERIES STATEMENT
Series statement Pure and applied mathematics.
700 1# - ADDED ENTRY--PERSONAL NAME
Personal name Boothby, William M.
830 #0 - SERIES ADDED ENTRY--UNIFORM TITLE
Uniform title Pure and applied mathematics.
942 ## - ADDED ENTRY ELEMENTS (KOHA)
Institution code [OBSOLETE] SNS
Koha item type Book
Call number prefix 516.36 BOO
Holdings
Withdrawn status Lost status Damaged status Not for loan Permanent Location Current Location Date acquired Total Checkouts Full call number Barcode Date last seen Date last checked out Price effective from Koha item type
        School of Natural Sciences (SNS) School of Natural Sciences (SNS) 05/26/2016 1 516.36 BOO SNS0000329 01/29/2024 11/22/2023 05/26/2016 Book
© 2023 Central Library, National University of Sciences and Technology. All Rights Reserved.